LDR 00571naa#a2200181#i#450# 001 EN\INFRA-M\bibl\123052 005 20260703052014.5 011 ## _a2500-3321 100 ## _a20260618b2026####ek#y0engy0150####ca 102 ## _aRU 200 1# _aAnarchist Reception of Jacques Derrida's Philosophy _eJournal article 210 1# _aMoscow _cINFRA-M Academic Publishing LLC. _d2026 215 ## _a7 с. 608 ## _aJournal article _2local 675 ## _aФилософия. 10 _z 686 ## _aИстория философии. 02.91 _2grnti 700 #1 _aPolyakov _gDmitry Borisovich 856 4# _anaukaru.ru _u